Southville International School and Colleges
Your cart is empty.
  • Cart
  • Lists
    Public lists Eva Luna New books Lux_list list_1
    Your lists Log in to create your own lists
  • Log in to your account
  • Your cookies
  • Search history
Southville International School and Colleges
  • Advanced search
  • Recent comments
  • Most popular
  • Libraries

Log in to your account

Log in with GOOGLE


If you do not have an external account, but do have a local account, you can still log in:

  1. Home
  2. MARC view: Henry's clinical diagnosis and management by laboratory methods /
Normal view MARC view ISBD view

Henry's clinical diagnosis and management by laboratory methods / (Record no. 278911)

[ view plain ]
MARC details
000 -LEADER
fixed length control field 01480cam a22004098a 4500
001 - CONTROL NUMBER
control field 14429738
005 - DATE AND TIME OF LATEST TRANSACTION
control field 20150128142355.0
008 - FIXED-LENGTH DATA ELEMENTS--GENERAL INFORMATION
fixed length control field 060627s2007 pau b 001 0 eng
010 ## - LIBRARY OF CONGRESS CONTROL NUMBER
LC control number 2006045076
020 ## - INTERNATIONAL STANDARD BOOK NUMBER
International Standard Book Number 9781416002871
020 ## - INTERNATIONAL STANDARD BOOK NUMBER
International Standard Book Number 1416002871
020 ## - INTERNATIONAL STANDARD BOOK NUMBER
International Standard Book Number 9781437709742
020 ## - INTERNATIONAL STANDARD BOOK NUMBER
International Standard Book Number 9789812729989
035 ## - SYSTEM CONTROL NUMBER
System control number (DNLM)101280889
040 ## - CATALOGING SOURCE
Original cataloging agency DNLM/DLC
Transcribing agency DLC
Modifying agency DLC
042 ## - AUTHENTICATION CODE
Authentication code pcc
050 00 - LIBRARY OF CONGRESS CALL NUMBER
Classification number RB 37
Item number .C54 2012
060 10 - NATIONAL LIBRARY OF MEDICINE CALL NUMBER
Classification number QY 25
Item number H521 2007
082 00 - DEWEY DECIMAL CLASSIFICATION NUMBER
Classification number 616.07/56
245 00 - TITLE STATEMENT
Title Henry's clinical diagnosis and management by laboratory methods /
246 30 - VARYING FORM OF TITLE
Title proper/short title Clinical diagnosis and management by laboratory methods
250 ## - EDITION STATEMENT
Edition statement 21st ed. /
Remainder of edition statement [edited by] Richard A. McPherson, Matthew R. Pincus.
260 ## - PUBLICATION, DISTRIBUTION, ETC. (IMPRINT)
Place of publication, distribution, etc Philadelphia :
Name of publisher, distributor, etc Saunders Elsevier,
Date of publication, distribution, etc c2011.
263 ## - PROJECTED PUBLICATION DATE
Projected publication date 0608
300 ## - PHYSICAL DESCRIPTION
Extent 1543 pages :
Dimensions 29 cm.
Other physical details colored illustrations ;
500 ## - GENERAL NOTE
General note Rev. ed. of: Clinical diagnosis and management by laboratory methods / [edited by] John Bernard Henry. 20th ed. c2001.
504 ## - BIBLIOGRAPHY, ETC. NOTE
Bibliography, etc Includes bibliographical references and index.
650 #0 - SUBJECT ADDED ENTRY--TOPICAL TERM
Topical term or geographic name as entry element Diagnosis, Laboratory.
650 12 - SUBJECT ADDED ENTRY--TOPICAL TERM
Topical term or geographic name as entry element Clinical Laboratory Techniques.
700 1# - ADDED ENTRY--PERSONAL NAME
Personal name McPherson, Richard A.
700 1# - ADDED ENTRY--PERSONAL NAME
Personal name Pincus, Matthew R.
700 1# - ADDED ENTRY--PERSONAL NAME
Personal name Henry, John Bernard,
Dates associated with a name 1928-2009.
730 0# - ADDED ENTRY--UNIFORM TITLE
Uniform title Clinical diagnosis and management by laboratory methods.
906 ## - LOCAL DATA ELEMENT F, LDF (RLIN)
a 7
b cbc
c orignew
d 1
e ocip
f 20
g y-gencatlg
942 ## - ADDED ENTRY ELEMENTS (KOHA)
Source of classification or shelving scheme Library of Congress Classification
Koha item type Books
Holdings
Withdrawn status Lost status Source of classification or shelving scheme Damaged status Home library Current library Shelving location Date acquired Source of acquisition Total Checkouts Total Renewals Full call number Barcode Date last seen Date checked out Price effective from Koha item type
    Library of Congress Classification   South SEED-LPDH College Library South SEED-LPDH College Library South SEED-LPDH College Section 01/28/2015 Library Fund 6 29 RB 37 .C54 2012 SSLC1383 05/15/2018 08/17/2017 01/28/2015 Books

Henry's clinical diagnosis and management by laboratory methods /

APA

McPherson R. A., Pincus M. R. & Henry J. B. (2011). Henry's clinical diagnosis and management by laboratory methods. Philadelphia: Saunders Elsevier.

Chicago

McPherson Richard A, Pincus Matthew R and Henry John Bernard. 2011. Henry's clinical diagnosis and management by laboratory methods. Philadelphia: Saunders Elsevier.

Harvard

McPherson R. A., Pincus M. R. and Henry J. B. (2011). Henry's clinical diagnosis and management by laboratory methods. Philadelphia: Saunders Elsevier.

MLA

McPherson Richard A, Pincus Matthew R and Henry John Bernard. Henry's clinical diagnosis and management by laboratory methods. Philadelphia: Saunders Elsevier. 2011.

  • Place hold
  • Print
  • Cite
  • Add to your cart (remove)
  • Save record
    BIBTEX Dublin Core MARCXML MARC (non-Unicode/MARC-8) MARC (Unicode/UTF-8) MARC (Unicode/UTF-8, Standard) MODS (XML) RIS
  • More searches
    Search for this title in:
    Other Libraries (WorldCat) Other Databases (Google Scholar) Online Stores (Bookfinder.com) Open Library (openlibrary.org)

Exporting to Dublin Core...

SOUTHVILLE LIBRARY

Southville International School and Colleges Library

1281 Tropical Ave. Cor. Luxembourg St., BF Homes International, Las Pinas City

Tel. No. 8256374 / 252358 Loc. 117/146

Powered by Koha